000 00454nmm a2200169Ia 4500
008 251105s9999||||xx |||||||||||||||||und||
020 _a9788499533094
041 _aspa
100 _aCueva, Juan de la
245 0 _aLos amores de Marte y Venus
264 _a[Madrid, España] :
_bLinkgua,
_c2016
300 _a64 páginas
490 _aPoesía
650 _aSpanish poetry
856 _uhttps://public.digitaliapublishing.com/a/16752
942 _cCF
999 _c93074
_d93074